00606cam a2200169 a 4500001000800000005001700008008004100025040001800066082002100084245016000105260003600265300001300301650001000314942000600324952009300330999001300423231270820231211031010.0930415s1979 ii b 000 0 eng  aDLCcDLCdDLC00a305.4/09549222004aThe Situation of women in Bangladesh /cedited by Women for Women, Research and Study Group at the request of Women's Development Programme, UNICEF, Dacca. aDacca.bWomen for Women,c1979. a454 p. ; 0aWomen cL 001040708LaWERCLbWERCLd2023-12-11l0o305.4/095492p200r2023-12-11w2023-12-11yL c171d171